MARC details
| 000 -LEADER |
| fixed length control field |
01239nam a2200253 a 4500 |
| 008 - FIXED-LENGTH DATA ELEMENTS--GENERAL INFORMATION |
| fixed length control field |
120416s1997 ||||||||||||||||| || u |
| 020 ## - INTERNATIONAL STANDARD BOOK NUMBER |
| International Standard Book Number |
0340662794 |
| 050 ## - LIBRARY OF CONGRESS CALL NUMBER |
| Classification number |
HE 333 Tra |
| 100 ## - MAIN ENTRY--PERSONAL NAME |
| Personal name |
O'Flaherty, Coleman A |
| 245 10 - TITLE STATEMENT |
| Title |
Transport planning and traffic engineering |
| Statement of responsibility, etc. |
edited by C. A. O'Flaherty |
| 260 ## - PUBLICATION, DISTRIBUTION, ETC. |
| Place of publication, distribution, etc. |
Oxford: |
| Name of publisher, distributor, etc. |
Butterwwworth/Heinemann |
| Date of publication, distribution, etc. |
1997 |
| 300 ## - PHYSICAL DESCRIPTION |
| Extent |
xi, 544 p. : ill. |
| 350 ## - |
| -- |
0.00 |
| 650 ## - SUBJECT ADDED ENTRY--TOPICAL TERM |
| Topical term or geographic name entry element |
HIGHWAY ENGINEERING |
| 650 ## - SUBJECT ADDED ENTRY--TOPICAL TERM |
| Topical term or geographic name entry element |
URBAN TRANSPORTATION--PLANNING |
| 650 ## - SUBJECT ADDED ENTRY--TOPICAL TERM |
| Topical term or geographic name entry element |
Traffic engineering |
| 650 ## - SUBJECT ADDED ENTRY--TOPICAL TERM |
| Topical term or geographic name entry element |
TRANSPORTATION |
| 650 ## - SUBJECT ADDED ENTRY--TOPICAL TERM |
| Topical term or geographic name entry element |
TRANSPORTATION--PLANNING |
| 856 ## - ELECTRONIC LOCATION AND ACCESS |
| Uniform Resource Identifier |
http://www.loc.gov/catdir/description/els032/97131686.html |
| 856 ## - ELECTRONIC LOCATION AND ACCESS |
| Uniform Resource Identifier |
http://www.loc.gov/catdir/toc/els051/97131686.html |
| 995 ## - |
| -- |
MAIN LIBRARY OPEN ACCESS |
| -- |
0.00 |
| -- |
731498 |
| -- |
CBU-MAIN LIBRARY (Kitwe) |
| -- |
1 |
| -- |
0.00 |
| -- |
HE 333 TRA |
| -- |
1 |
| -- |
AVAILABLE |
| -- |
028718 |
| -- |
Main Library Open Access Collection |
| 995 ## - |
| -- |
MAIN LIBRARY OPEN ACCESS |
| -- |
0.00 |
| -- |
738114 |
| -- |
CBU-MAIN LIBRARY (Kitwe) |
| -- |
1 |
| -- |
0.00 |
| -- |
HE 333 TRA |
| -- |
2 |
| -- |
AVAILABLE |
| -- |
Nov 27, 2007 |
| -- |
738114 |
| -- |
Main Library Open Access Collection |
| 995 ## - |
| -- |
ANNEX COLLECTION (Main Library) |
| -- |
0.00 |
| -- |
740572 |
| -- |
CBU-MAIN LIBRARY (Kitwe) |
| -- |
1 |
| -- |
0.00 |
| -- |
HE 333 TRA |
| -- |
3 |
| -- |
AVAILABLE |
| -- |
Mar 2, 2010 |
| -- |
740572 |
| -- |
Annex Low-Usage Collection |
| 999 ## - |
| -- |
81420 |
| -- |
81420 |